000 00514nmm a2200157Ia 4500
008 251105s9999||||xx |||||||||||||||||und||
020 _a9788425224782
041 _aspa
100 _aMahon, Nik
245 0 _aIdeación. Cómo generar grandes ideas publicitarias :
_b Cómo generar grandes ideas publicitarias
264 _a[Madrid, España] :
_bEditorial Gustavo Gili,
_c2012
300 _a185 páginas
650 _aDesign and fashion
856 _uhttps://public.digitaliapublishing.com/a/41338
942 _cCF
999 _c80262
_d80262